000
00267nam a2200109Ia 4500
008
230320s9999||||xx |||||||||||||| ||spa||
082
_a
268/M5
100
_a
Movilla, Secundino
245
0
_a
Educación De La Fe Y Comunidad Cristiana
260
_b
PPC
942
_8
0
_c
LIB
999
_c
39687
_d
39687